000 00530nam a22001697a 4500
005 20251108164137.0
008 250721s1972 xx 000 0 ara d
082 1 4 _a219/عبد
100 1 _aبنت الشاطىء، عائشة عبد الرحمن
245 1 0 _aأم النبي عليه الصلاة و السلام /
250 _aط6.، مزيده و منقحه
264 1 _aالقاهرة :
_bدار الهلال،
_c1972.
300 _a160ص.
650 1 7 _aالسيرة النبوية
942 _2ddc
_cBK
999 _c4737
_d4737